| 000 | 00882nam a22002177a 4500 | ||
|---|---|---|---|
| 005 | 20080616163036.0 | ||
| 008 | 080616t xxu||||| |||| 00| 0 eng d | ||
| 010 | _aENG-90325 | ||
| 020 |
_a8189963002 _c280.00 |
||
| 035 | _aEN-73858 | ||
| 037 | _bDBAD / PUB | ||
| 040 |
_aDPL _bEN |
||
| 082 | _a181.499 | ||
| 245 |
_aPhilosophy, culture and value: _cedited by R.C. Pradhan _bessays on the thoughts of G.C. Pande / |
||
| 260 |
_aNew Delhi _bIndian Council of Philosophical Research _c2008 |
||
| 270 |
_a36, Tuglakabad Institutiional Area, Mehrauli-Badarpur Road, _bNew Delhi _e110062 |
||
| 300 |
_ax, 204p. _c23 cm (Hb) |
||
| 700 | _aPradhan, R.C. | ||
| 942 |
_cEN _h181.499 _2ddc _mPHI |
||
| 999 |
_c13707 _d13707 |
||